Marubhoomiyile pakshi/ (Record no. 27955)

000 -LEADER
fixed length control field 00350nam a22001451a 4500
082 ## - DEWEY DECIMAL CLASSIFICATION NUMBER
Classification number M3
Item number MUH/M
100 ## - MAIN ENTRY--AUTHOR NAME
Personal name Muhammed A M
245 ## - TITLE STATEMENT
Title Marubhoomiyile pakshi/
Statement of responsibility, etc by Muhammed A M
260 ## - PUBLICATION, DISTRIBUTION, ETC. (IMPRINT)
Name of publisher Ammannoor Gurukulam:
Year of publication 1999,
Place of publication
300 ## - PHYSICAL DESCRIPTION
Number of Pages 143p.
650 ## - SUBJECT ADDED ENTRY--TOPICAL TERM
Topical Term Novel Malayalam
650 ## - SUBJECT ADDED ENTRY--TOPICAL TERM
Topical Term Literature Malayalam
650 ## - SUBJECT ADDED ENTRY--TOPICAL TERM
Topical Term Literature
942 ## - ADDED ENTRY ELEMENTS (KOHA)
Koha item type Book
Holdings
Withdrawn status Lost status Damaged status Not for loan Permanent Location Current Location Date acquired Cost, normal purchase price Full call number Accession Number Cost, replacement price Price effective from Koha item type
        Sree Sankaracharya University of Sanskrit Sree Sankaracharya University of Sanskrit 08.01.2015 60.00 M3 MUH/M 020645 0.00 08.01.2015 Book